|
|
|
|
| LEADER |
00000nab a2200000 a 4500 |
| 001 |
vtls011111900 |
| 003 |
SK-MaSNL |
| 005 |
20260303161745.0 |
| 008 |
230218|1972 xo |||||||||||||||||ger| |
| 015 |
|
|
|a SNBRB
|
| 035 |
|
|
|a (uuid)45f30f9e-7eb7-4d34-b96c-f335a70f220d
|
| 035 |
|
|
|a (urnnbn)urn:nbn:sk:snk:ar-a08fsz
|
| 035 |
|
|
|a urn:nbn:sk:snk-ab9iec
|
| 040 |
|
|
|a SNKBUCL
|b slo
|c SNKBUCL
|e AACR2
|
| 041 |
0 |
|
|a ger
|
| 044 |
|
|
|a xo
|c SK
|
| 100 |
1 |
|
|a Chlebovský, O.
|4 aut
|9 822485
|
| 245 |
1 |
0 |
|a DIE WIRKUNG NIEDRIGER DOSISLEISTUNGEN KONTINUIERLICHER BESTRAHLUNG AUF DAS BLUTBILD VON RATTEN
|c O. Chlebovský, M. Praslička
|
| 700 |
1 |
|
|a Praslička, Milan,
|d 1923-1985
|4 aut
|9 37145
|
| 773 |
0 |
|
|t Folia veterinaria
|g Roč. 16, č. 3-4 (1972), s. 59-67
|
| 958 |
|
|
|a OND
|
| 958 |
|
|
|a EUIPO
|
| 958 |
|
|
|a article13
|
| 999 |
|
|
|c 2050713
|d 2052643
|